000 00364pam a2200157a 44500
008 230515b2002 xxu||||| |||| 00| 0 eng d
020 _aNULL
041 _aENGLISH
082 _aN.D.
100 _aChitale A K
245 _aProduct Design And Manafactureing
250 _a0
260 _aNULL
_bPrentice Hall of India
_c2002
300 _a395
650 _aNULL
999 _c586512
_d586512